[Event "Mechanics' Spring TNM; G/2"]
[Site "San Francisco"]
[Date "2017.04.04"]
[Round "4.16"]
[White "Anderson, Michael"]
[Black "Eastham, Asher"]
[Result "0-1"]
[WhiteElo "1902"]
[BlackElo "1566"]
[Annotator "Donaldson"]
[PlyCount "116"]
[EventDate "2017.??.??"]

1. e4 e5 2. Nf3 Nc6 3. d4 exd4 4. Nxd4 Bc5 5. Nxc6 bxc6 6. Bc4 d6 7. O-O Ne7 8.
Bg5 O-O 9. Nc3 Qe8 10. Na4 Bb6 11. Nxb6 axb6 12. Re1 Ng6 13. f3 Qe5 14. Be3 Be6
15. Bd4 Qg5 16. Be3 Qe7 17. Bb3 Ne5 18. Qe2 Rfe8 19. h3 d5 20. Bd4 Ng6 21. exd5
Bxd5 22. Qxe7 Rxe7 23. Rxe7 Nxe7 24. c4 Be6 25. Be5 Ra7 26. Rd1 Ra8 27. Bxc7 b5
28. cxb5 Bxb3 29. axb3 cxb5 30. Rd8+ (30. Rd7 Nc6 31. Kf2 $16) 30... Rxd8 31.
Bxd8 Kf8 {Diagram [#]} 32. Bxe7+ $2 (32. Kf2 $16) 32... Kxe7 33. Kf2 Kd6 34.
Ke3 Ke5 35. b4 g6 36. f4+ Kd5 37. b3 f6 38. h4 f5 39. Kd3 h6 40. Ke3 Ke6 41.
Kd4 Kd6 42. h5 (42. g3 h5 $11) 42... gxh5 43. g3 h4 44. gxh4 h5 45. Ke3 Ke6 46.
Ke2 Ke7 47. Kd3 Kd7 48. Kc3 Kc6 49. Kd2 Kd6 50. Ke3 Ke6 51. Kd2 Kd6 52. Kc3 Kc6
53. Kd2 Kd6 54. Kd1 $4 Kd5 55. Kd2 Kd4 56. Ke2 Ke4 57. Kd2 Kxf4 58. Kc3 Ke3 0-1

[Event "Mechanics' Fall TNM; G/2 d5"]
[Site "San Francisco"]
[Date "2017.11.07"]
[Round "3.7"]
[White "Anderson, Michael"]
[Black "Ivanov, Aleksandr"]
[Result "0-1"]
[WhiteElo "1900"]
[BlackElo "2143"]
[Annotator "Winslow,E"]
[PlyCount "80"]
[EventDate "2017.??.??"]

1. e4 c5 2. d4 cxd4 3. c3 dxc3 4. Nxc3 Nc6 5. Nf3 d6 6. Bc4 a6 7. O-O Nf6 {
The "classical" defense for Black} 8. Qe2 Bg4 9. Rd1 e6 {
Black has scored over 7/10 here, but now a novelty!?} 10. Be3 $146 (10. Bf4 Qb8
$1 {has been rather annoying for White}) (10. h3 Bxf3 11. Qxf3 (11. gxf3 {
when I have to mention a not-so-early-for-these-guys game by two Chicagolegends
} Be7 (11... g5 $3 $17 {says everybody's computer! I can't believe De Fotis,
one of the original hardened Najdorf players (which explains why Martinovsky
played 2.d4!?), didn't see this.} 12. f4 gxf4 13. Bxf4 Qa5 14. Bxd6 $4 Bxd6 15.
Rxd6 Rg8+ 16. Kh1 Qg5 $19) 12. f4 Qc7 13. Be3 O-O 14. Rac1 Rac8 15. f3 Qa5 16.
Kh2 Qh5 17. Rg1 h6 18. Qg2 Ne8 19. Be2 d5 20. Na4 Rd8 21. Bb6 Qh4 22. Bxd8
Qxf4+ 23. Kh1 Bxd8 24. exd5 exd5 25. Nc5 Bb6 26. Nd7 Bxg1 27. Rxg1 g6 28. Nxf8
Kxf8 29. Qg4 Qd2 30. Rg2 Qxb2 31. Bxa6 Qb1+ 32. Rg1 Qb6 33. Bf1 Nf6 34. Qa4 Qf2
35. Qf4 Kg7 36. Bd3 Nh5 37. Qg4 Ne5 38. Qxh5 Qxg1+ {woops} 39. Kxg1 gxh5 40.
Be2 Ng6 41. Kf2 Kf6 42. Bb5 h4 43. Ke3 Ke5 44. Be8 d4+ 45. Kd3 Nf4+ 46. Kc4
Nxh3 47. a4 Nf4 48. Bd7 h3 49. Bxh3 Nxh3 50. a5 Nf4 51. Kb5 d3 {0-1 Martinovsky
,E (2340)-De Fotis,G (2380) World op Philadelphia 1990. Mike Walder notes that
when the Chicago Chess Club banned smoking in the mid-70s, Dennis Keane
lamented loudly "Now De Fotis will never play again!" He was wrong (mind you,
750 miles away... ).}) 11... Be7 $1 {scores very well, except against just} (
11... Ne5 12. Qe2 Nxc4 (12... Be7 $1)) 12. Bf4 Qb8 $1 {again} 13. Rac1 Ne5 14.
Qe2 {is a Morra "concept" position.} Nxc4 15. Qxc4 O-O 16. Qb4 Rd8 ({
Black must avoid any sort of} 16... e5 $4 17. Bg5 {
Super knight vs. ghost bishop after Bxf6}) 17. Bg3 (17. Rd3 Rd7 18. Qb3 b5 19.
a3 Qb7 20. f3 h6 21. Rcd1 Rad8 22. Kh1 Qc6 23. R1d2 d5 24. e5 Nh5 25. Be3 Ng3+
26. Kh2 Nf1+ 27. Kg1 Nxe3 28. Rxe3 d4 {
0-1 (28) Borkovec,M (2208)-Neckar,L (2360) Czechia 2014}) 17... Bf8 18. Qb6 Nd7
19. Qd4 Ne5 20. f4 Nc6 21. Qc4 e5 $4 {They never learn...} 22. Nd5 Nd4 23. fxe5
dxe5 24. Rxd4 Qa7 25. Bxe5 Rac8 26. Ne7+ Bxe7 27. Qxc8 Rxc8 28. Rxc8+ Bf8 29.
Kh1 f6 30. Bd6 Kf7 31. Rxf8+ Kg6 32. Rd3 Qf2 33. Rg3+ Kh6 34. Rf7 Qe2 35. Bf8
Qxe4 36. Rxf6+ Kh5 37. Bxg7 {1-0 (37) Vasquez,N (1838)-Benavides Moncayo,O
(1935) Medelin 2011 Ball in Black's court!}) 10... Be7 (10... Ne5 $1) 11. h3
Bxf3 12. gxf3 O-O {After the above I thought I'd give Stockfish 8 a nice run
on the position, and sure enough, after 30 seconds or so, suddenly up pops:} (
12... g5 $3 $17 13. f4 gxf4 14. Bxf4 Qa5) 13. f4 Qa5 14. Kh2 Qh5 15. Qxh5 Nxh5
$15 16. Be2 Nf6 17. Bb6 Bd8 18. Be3 Bc7 19. Rac1 Rfd8 20. Nd5 exd5 21. exd5
Nxd5 22. Rxd5 Rac8 23. Bg4 Ra8 24. Bf3 Rd7 25. Rd2 Ba5 26. Rdc2 (26. Bxc6 $1
bxc6 27. Rd3 $11) 26... d5 27. Bg4 Rdd8 28. Bd2 Bb6 $17 29. Kg2 f5 $2 (29... g6
30. f5 $2 Nd4) 30. Bd1 $2 (30. Bxf5 Nd4 31. Be3 Nxf5 32. Bxb6 Rd6 33. Rc8+ Rxc8
34. Rxc8+ Kf7 35. Rc7+ Ke6 36. Rxb7 d4 $11) 30... Kf7 31. a3 Rd7 32. Rc3 Kf6 $4
(32... Bd4 33. Rb3 g6) 33. b4 $4 {White had 2 minutes to Black's 8 or so,} (33.
Rxc6+ $18) 33... Re8 $2 34. Bb3 $2 (34. Ba4 $11 Re6 35. Bxc6 bxc6 36. Rxc6 d4
37. a4 d3 38. Kf3 g6 39. b5 axb5 40. axb5 Rd5 41. Rb1 Ke7 42. Rxe6+ Kxe6 43.
Be3 Bc7) 34... Re2 35. Be3 (35. Rd3) 35... d4 (35... Bxe3 $1 36. Rxe3 Nd4 $19)
36. Rxc6+ $2 (36. Rd3 $17) 36... bxc6 37. Rxc6+ Ke7 $19 38. Kf3 Rb2 39. Re6+
Kd8 40. Rxb6 Rxb3 0-1

[Event "Mechanics' Summer TNM; G/2 d5"]
[Site "San Francisco"]
[Date "2017.07.11"]
[Round "7.10"]
[White "Anderson, Michael"]
[Black "Kim, Isaiah"]
[Result "0-1"]
[WhiteElo "1905"]
[BlackElo "2061"]
[Annotator "Donaldson"]
[PlyCount "60"]
[EventDate "2017.??.??"]

1. e4 c6 2. d4 d5 3. exd5 cxd5 4. Bd3 Nc6 5. c3 Qc7 6. f4 $6 (6. Ne2) (6. Bg5)
(6. Nf3) 6... Nh6 7. Nf3 Bf5 8. O-O e6 9. a4 Bd6 10. Ne5 O-O 11. Na3 a6 12. Nc2
f6 13. Nxc6 bxc6 14. Bxf5 exf5 15. Qf3 Rfe8 16. Bd2 Re4 17. g3 Rae8 18. Rae1
Qf7 19. Ne3 Qg6 20. Kh1 Ng4 21. Ng2 Qf7 22. h3 Nh6 23. Re3 Qb7 24. Bc1 Qb3 25.
Qd1 Qa2 26. Rfe1 a5 27. Qh5 R8e7 28. Nh4 Qa1 29. Ng2 Qxa4 30. Rxe4 fxe4 0-1

[Event "Mechanics' Spring TNM; G/2"]
[Site "San Francisco"]
[Date "2017.04.18"]
[Round "6.16"]
[White "Anderson, Michael"]
[Black "Sherwood, Peter"]
[Result "0-1"]
[WhiteElo "1902"]
[BlackElo "1703"]
[Annotator "Donaldson"]
[PlyCount "148"]
[EventDate "2017.??.??"]

1. e4 c5 2. d4 cxd4 3. c3 dxc3 4. Nxc3 a6 5. Nf3 d6 6. Bc4 e6 7. O-O b5 (7...
Nf6 8. Qe2 Nc6 9. Rd1 Qc7 10. Bg5 Be7 11. Rac1 O-O) 8. Bb3 Bb7 9. Qe2 Nd7 10.
Rd1 Qc7 11. Bf4 Ne5 $2 (11... Ngf6 12. e5 dxe5 13. Nxe5 Nxe5 14. Bxe5 Qb6) 12.
Nd4 $2 (12. Nxe5 $1 dxe5 13. Rac1 $1 Bc6 (13... exf4 14. Nxb5 Qe5 15. Nc7+ Ke7
16. Nxa8 Bxa8 (16... Qxe4 17. Qxe4 Bxe4 18. Nb6 $18) 17. Qd3 {wins}) 14. Nd5 $1
exd5 (14... Qb7 15. Bxe5 {winning.}) 15. exd5) 12... Nf6 13. Rac1 Qb8 14. Bg3
Be7 15. f4 Nc6 16. Nxc6 Bxc6 17. e5 dxe5 18. fxe5 Nd7 19. Qh5 $2 (19. Ne4 $1)
19... O-O 20. Ne2 Qb7 21. Nf4 Nc5 22. Qg4 Nxb3 23. axb3 Rac8 24. Rc3 Rfd8 25.
Rxd8+ Bxd8 26. Nh5 g6 27. Nf6+ Kg7 (27... Bxf6 28. exf6 Rd8) 28. Bf4 Bxf6 (
28... Qa7+ 29. Kf1 Bxf6 30. exf6+ Kg8) 29. exf6+ Kh8 (29... Kg8) 30. Qg5 (30.
Bh6) 30... Qb6+ 31. Be3 Qd8 32. h3 (32. Qh6) 32... Qd1+ (32... Kg8) 33. Kh2 Qh5
34. Qg3 Qd5 35. Rc5 Qd8 (35... Qe4) 36. Qh4 Qd6+ 37. Qg3 Qxg3+ {draw offer} 38.
Kxg3 $138 Bb7 39. Rxc8+ Bxc8 40. Bh6 Bb7 41. b4 Bd5 42. Kf2 Kg8 43. g3 e5 44.
h4 Be4 45. g4 Bd5 46. h5 Be6 47. Kg3 Bd5 48. Be3 Kf8 49. hxg6 hxg6 50. Kh4 Ke8
51. Kg5 Kd7 52. Kh4 Ke6 53. g5 Kf5 54. Kg3 Ke4 55. Kf2 Kd3 56. Bc5 Kc2 57. Bd6
e4 58. Ke3 Kxb2 59. Kd4 Bb7 60. Kc5 e3 61. Kb6 e2 62. Bg3 Bc8 63. Kc7 Be6 64.
Kb6 Kb3 65. Be1 Kc4 66. Kxa6 Bf5 67. Kb6 Bd3 68. Kc6 Kd4 69. Kd6 Ke4 70. Ke7
Bc4 71. Kd6 Kf5 72. Bd2 e1=Q 73. Bxe1 Kxg5 74. Bc3 Kf5 {
Black eventually captured the f-pawn and promoted his own f-pawn} 0-1

[Event "Mechanics' Fall TNM; G/2 d5"]
[Site "San Francisco"]
[Date "2017.11.28"]
[Round "6.12"]
[White "Anderson, Michael"]
[Black "Tsodikova, Natalya"]
[Result "0-1"]
[WhiteElo "1900"]
[BlackElo "2202"]
[PlyCount "90"]
[EventDate "2017.??.??"]

1. e4 e5 2. Nf3 Nc6 3. d4 exd4 4. Nxd4 Bb4+ 5. c3 Bc5 6. Be3 Bb6 7. Be2 Nf6 8.
Nd2 O-O 9. O-O Re8 10. Nxc6 bxc6 11. Bg5 h6 12. Bh4 d5 13. exd5 cxd5 14. Bf3 c6
15. Re1 g5 16. Rxe8+ Qxe8 17. Bg3 Bf5 18. Qa4 g4 19. Bh4 Ne4 20. Bxe4 dxe4 21.
Nc4 e3 22. Nxe3 Bxe3 23. fxe3 Qxe3+ 24. Bf2 Qe4 25. Qxe4 Bxe4 26. Rd1 a5 27.
Rd4 f5 28. Bh4 a4 29. Rd8+ Rxd8 30. Bxd8 Bd5 31. a3 f4 32. Kf2 Kf7 33. Bc7 f3
34. gxf3 gxf3 35. Bg3 Ke6 36. Ke3 Kf5 37. h3 h5 38. Bf2 Kg5 39. c4 Be6 40. Kxf3
Bxh3 41. c5 h4 42. Be3+ Kf5 43. Bf2 Bg4+ 44. Kg2 h3+ 45. Kg3 Ke4 {No more moves
are given on either scoresheet. Black won, but we are not sure how.} 0-1

[Event "Mechanics' Spring TNM; G/2"]
[Site "San Francisco"]
[Date "2017.03.21"]
[Round "2.31"]
[White "Anderson, Michael"]
[Black "Tuck, Drew"]
[Result "1-0"]
[WhiteElo "1902"]
[BlackElo "1479"]
[PlyCount "59"]
[EventDate "2017.??.??"]

1. e4 e5 2. Nf3 Nc6 3. d4 exd4 4. Nxd4 Bb4+ 5. c3 Bc5 6. Be3 Bb6 7. Be2 Nf6 8.
Nd2 O-O 9. O-O d5 10. Nxc6 bxc6 11. Bxb6 axb6 12. e5 Ne4 13. Bd3 Nc5 14. Bc2
Ba6 15. Re1 Nd3 16. Re3 Nf4 17. Qg4 Ng6 18. Qh5 Bc8 19. Nf3 h6 20. Bxg6 fxg6
21. Qxg6 Bf5 22. Qxc6 Be4 23. Nd4 Qg5 24. Rg3 Qxe5 25. Qxh6 Rae8 26. Qg5 Bf5
27. Re3 Be4 28. Qxe5 Rxe5 29. f3 c5 30. Nb3 1-0

[Event "Mechanics' Summer TNM; G/2 d5"]
[Site "San Francisco"]
[Date "2017.07.11"]
[Round "7.11"]
[White "Andries, W Craig"]
[Black "Argo, Guy"]
[Result "0-1"]
[WhiteElo "1877"]
[BlackElo "1988"]
[PlyCount "80"]
[EventDate "2017.??.??"]

1. Nf3 f5 2. e4 e5 3. d3 fxe4 4. dxe4 Nf6 5. Qe2 Nc6 6. c3 d6 7. g3 Bg4 8. h3
Bh5 9. Bg2 Be7 10. O-O O-O 11. Nbd2 Qd7 12. Kh2 Nd8 13. Re1 Ne6 14. Qf1 g5 15.
Nc4 h6 16. Nfd2 Rf7 17. Ne3 Rh7 18. Nf5 Bg6 19. a4 a5 20. f3 Bxf5 21. exf5 Nc5
22. g4 h5 23. Kg1 d5 24. Qe2 hxg4 25. fxg4 e4 26. Nf1 Nd3 27. Rd1 Bc5+ 28. Be3
Qd6 29. Rxd3 exd3 30. Qxd3 Re8 31. Bd4 Rhe7 32. Qd2 Bxd4+ 33. cxd4 Qf4 34. Qxf4
gxf4 35. Nh2 Re1+ 36. Rxe1 Rxe1+ 37. Kf2 Rb1 38. g5 Rxb2+ 39. Kf3 Ne4 40. h4
Rf2+ 0-1

[Event "Mechanics' Summer TNM; G/2 d5"]
[Site "San Francisco"]
[Date "2017.06.27"]
[Round "6.17"]
[White "Andries, W Craig"]
[Black "Crofts, Jacob"]
[Result "1-0"]
[WhiteElo "1877"]
[BlackElo "1421"]
[PlyCount "96"]
[EventDate "2017.??.??"]

1. Nf3 d5 2. d3 Nf6 3. g3 c5 4. Bg2 Nc6 5. Nbd2 e6 6. O-O Be7 7. e4 d4 8. e5
Nd5 9. Re1 b5 10. h4 Bb7 11. Nf1 Qc7 12. Qe2 Nb8 13. Bd2 Nd7 14. N1h2 Bc6 15.
Bh3 Qb7 16. Ng5 Nc7 17. Qh5 g6 18. Qe2 h6 19. Ngf3 g5 20. h5 Rg8 21. g4 Rf8 22.
c3 dxc3 23. bxc3 f6 24. d4 c4 25. Reb1 Bd5 26. a4 a6 27. axb5 axb5 28. Ne1 fxe5
29. Rxa8+ Qxa8 30. dxe5 Qa2 31. Rd1 Bc5 32. Nhf3 Rf4 33. Kf1 Rf8 34. Be3 Qxe2+
35. Kxe2 Ke7 36. Bg2 Bxe3 37. fxe3 Rb8 38. Nd4 Bxg2 39. Nxg2 Nxe5 40. Ra1 Kd6
41. e4 Nxg4 42. Ra7 Ne5 43. Ne3 Nc6 44. Nxc6 Kxc6 45. Ng4 Rh8 46. Ra1 Kd6 47.
Rd1+ Ke7 48. Ne5 Rd8 1-0

[Event "Mechanics' Winter TNM; G/2"]
[Site "San Francisco"]
[Date "2017.02.21"]
[Round "8.13"]
[White "Andries, W Craig"]
[Black "Kondakov, Adrian"]
[Result "0-1"]
[WhiteElo "1837"]
[BlackElo "1962"]
[PlyCount "72"]
[EventDate "2017.??.??"]

1. g3 g6 2. Nf3 Bg7 3. Bg2 c5 4. c3 Nc6 5. O-O e5 6. e4 Nge7 7. Na3 O-O 8. d3
d5 9. h3 h6 10. Nc2 Be6 11. Qe2 Qd7 12. Kh2 Rfd8 13. Nd2 dxe4 14. Nxe4 b6 15.
Bxh6 Qxd3 16. Qxd3 Rxd3 17. Bg5 Rad8 18. Rfe1 f5 19. Bxe7 Nxe7 20. Ng5 Bd5 21.
Bxd5+ R8xd5 22. Ne3 Rd7 23. Rad1 Nc6 24. Kg2 Bh6 25. h4 Bxg5 26. hxg5 e4 27.
Rxd3 Rxd3 28. Rh1 Ne5 29. a4 Rd2 30. Rb1 Nd3 31. Nd1 Nxf2 32. Nxf2 e3 33. Re1
Rxf2+ 34. Kg1 Rxb2 35. Rxe3 Ra2 36. Re7 Rxa4 0-1

[Event "Mechanics' Spring TNM; G/2"]
[Site "San Francisco"]
[Date "2017.03.21"]
[Round "2.7"]
[White "Andries, W Craig"]
[Black "O'Connor, Derek"]
[Result "0-1"]
[WhiteElo "1860"]
[BlackElo "2161"]
[PlyCount "70"]
[EventDate "2017.??.??"]

1. e4 e5 2. d3 Nc6 3. Nd2 g6 4. g3 Bg7 5. Bg2 Nge7 6. Ngf3 O-O 7. O-O d6 8. Re1
h6 9. c3 Be6 10. Nf1 d5 11. Be3 Qd7 12. Qc2 a5 13. a4 d4 14. Bd2 dxc3 15. Bxc3
Nb4 16. Bxb4 axb4 17. b3 Rfd8 18. Red1 Ra6 19. Ne3 Rd6 20. Ne1 Nc6 21. Nc4 Nd4
22. Qb2 Bxc4 23. bxc4 c5 24. Ra2 Ra8 25. Rda1 Rda6 26. h4 Rxa4 27. Kh2 b5 28.
cxb5 Qxb5 29. h5 b3 30. Ra3 Rxa3 31. Rxa3 Rxa3 32. Qxa3 b2 33. hxg6 b1=Q 34.
Qa8+ Qb8 35. Qd5 Q1b7 0-1

[Event "Mechanics' Winter TNM; G/2"]
[Site "San Francisco"]
[Date "2017.01.10"]
[Round "2.6"]
[White "Andries, W Craig"]
[Black "O'Connor, Derek"]
[Result "0-1"]
[WhiteElo "1837"]
[BlackElo "2167"]
[PlyCount "172"]
[EventDate "2017.??.??"]

1. e4 e5 2. d3 Nc6 3. Nd2 g6 4. Ngf3 Bg7 5. g3 Nge7 6. Bg2 O-O 7. O-O d6 8. h3
h6 9. a4 Be6 10. a5 Nb4 11. b3 c5 12. Ne1 Nbc6 13. a6 bxa6 14. Rxa6 Qc8 15. Ra4
Bxh3 16. Nc4 Bxg2 17. Kxg2 Qe6 18. Rh1 Kh7 19. Nf3 Qd7 20. Ng5+ Kg8 21. Nf3 h5
22. c3 d5 23. Ncd2 Rfd8 24. Ne1 Nc8 25. Ra1 Nb6 26. Ba3 c4 27. Qe2 dxe4 28.
Nxe4 cxd3 29. Qd2 f5 30. Nd6 Bf8 31. Qg5 Qg7 32. c4 Be7 33. Qd2 Nd4 34. c5 Nxb3
35. Qa2 Bxd6 36. Qxb3+ Qf7 37. Qxf7+ Kxf7 38. cxd6 e4 39. f3 Nc4 40. fxe4 fxe4
41. Rh4 Nxa3 42. Rf4+ Kg7 43. Rxe4 Rxd6 44. Nf3 Nb5 45. Nd2 Rf8 46. Ra5 a6 47.
Ra1 Rdf6 48. Re7+ R8f7 49. Rxf7+ Kxf7 50. Ne4 Rc6 51. Kf2 Nc3 52. Nxc3 Rxc3 53.
Rxa6 Rc2+ 54. Kf3 Rh2 55. Rd6 d2 56. Kf4 Ke7 57. Rd3 Ke6 58. Kf3 Ke5 59. Rd8 g5
60. Rd7 g4+ 61. Ke3 Rg2 62. Rd8 Rxg3+ 63. Kxd2 Rf3 64. Rh8 Rf5 65. Ke3 Kf6 66.
Ke4 Rb5 67. Rg8 Rb4+ 68. Ke3 Kf5 69. Rh8 Kg5 70. Rg8+ Kh4 71. Rh8 Rb3+ 72. Kf2
Rb2+ 73. Kf1 Kg5 74. Kg1 Kh4 75. Kf1 Kg5 76. Kg1 h4 77. Kf1 h3 78. Kg1 Kf4 79.
Ra8 Re2 80. Ra4+ Kf3 81. Ra3+ Re3 82. Ra2 Re1+ 83. Kh2 Re2+ 84. Rxe2 Kxe2 85.
Kg3 Kf1 86. Kh2 Kf2 0-1

[Event "Mechanics' Summer TNM; G2 d5"]
[Site "San Francisco"]
[Date "2017.06.13"]
[Round "4.16"]
[White "Andries, W Craig"]
[Black "Ricard, Bruce"]
[Result "1-0"]
[WhiteElo "1877"]
[BlackElo "1566"]
[PlyCount "119"]
[EventDate "2017.??.??"]

1. Nf3 Nf6 2. g3 d5 3. Bg2 c5 4. d3 Nc6 5. O-O e5 6. Nbd2 Be7 7. e4 O-O 8. exd5
Nxd5 9. Nc4 f6 10. h3 Be6 11. Re1 Qd7 12. Kh2 Rfd8 13. a4 Ndb4 14. Ne3 c4 15.
dxc4 Qxd1 16. Rxd1 Rxd1 17. Nxd1 Nxc2 18. Rb1 Bxc4 19. b3 Be6 20. Ne3 N2b4 21.
Nd2 Rd8 22. Ndc4 Nd3 23. Kg1 Nxc1 24. Rxc1 Nd4 25. Rb1 b6 26. Rb2 Bb4 27. Bf1
Kf7 28. Kg2 h5 29. g4 hxg4 30. hxg4 Kg6 31. Kg3 Nc6 32. Bg2 Ne7 33. Be4+ Kf7
34. Rb1 Rd4 35. f3 Nd5 36. Bxd5 Bxd5 37. Nc2 Bc3 38. Nxd4 Bxd4 39. Nd6+ Ke6 40.
Nf5 g6 41. Nxd4+ exd4 42. f4 d3 43. Kf2 g5 44. fxg5 fxg5 45. Ke3 Ke5 46. b4 Be6
47. Rg1 Bb3 48. a5 bxa5 49. bxa5 Bc2 50. Rf1 Kd5 51. Rf5+ Kc4 52. Kd2 Ba4 53.
Rxg5 a6 54. Re5 Kd4 55. Re3 Bb5 56. g5 Bc4 57. g6 Kc5 58. g7 Kb5 59. Re5+ Kb4
60. Re8 1-0

[Event "Mechanics' Winter TNM; G/2"]
[Site "San Francisco"]
[Date "2017.01.24"]
[Round "4.9"]
[White "Andries, W Craig"]
[Black "Tsodikova, Natalya"]
[Result "0-1"]
[WhiteElo "1837"]
[BlackElo "2210"]
[PlyCount "96"]
[EventDate "2017.??.??"]

1. e4 c5 2. Nf3 d6 3. Bb5+ Bd7 4. Bxd7+ Qxd7 5. O-O Nf6 6. Qe2 e6 7. d4 cxd4 8.
Nxd4 Nc6 9. c3 Be7 10. f4 O-O 11. Na3 Rac8 12. f5 e5 13. Nf3 {Diagram [#]} d5
$1 14. exd5 Qxd5 15. Nc2 Bc5+ 16. Kh1 e4 17. Ng5 Qd3 18. Re1 Rfe8 19. Be3 Bxe3
20. Nxe3 Qxe2 21. Rxe2 Rcd8 22. Nh3 Ne5 23. Nf2 Nd3 24. Kg1 Nf4 25. Rc2 h5 26.
Re1 Kf8 27. h3 h4 28. c4 Rd7 29. Nfg4 Nxg4 30. Nxg4 Rd4 31. Ne3 Red8 32. Rf1
Nh5 33. Kh2 Rd2 34. Rf2 Rxc2 35. Rxc2 Ng3 36. Kg1 Rd3 37. Kf2 Ke7 38. b4 Kf6
39. c5 Nxf5 40. Ng4+ Ke6 41. b5 Nd4 42. Rc4 Kd5 43. c6 bxc6 44. bxc6 Nxc6 45.
Ra4 f5 46. Ne3+ Ke5 47. Ra6 Rc3 48. Ra4 f4 0-1

[Event "Mechanics' Summer TNM; G/2 d5"]
[Site "San Francisco"]
[Date "2017.05.30"]
[Round "2.29"]
[White "Andries, W Craig"]
[Black "Valente, Marty J"]
[Result "1-0"]
[WhiteElo "1877"]
[BlackElo "1334"]
[PlyCount "73"]
[EventDate "2017.??.??"]

1. e4 c5 2. Nf3 d6 3. g3 Nf6 4. d3 Bg4 5. Bg2 Nc6 6. h3 Bd7 7. O-O e6 8. Nc3
Be7 9. d4 cxd4 10. Nxd4 O-O 11. Ndb5 Qb8 12. Bg5 a6 13. Bxf6 axb5 14. Bxe7 Nxe7
15. a3 Bc6 16. Qd3 Rd8 17. Rad1 d5 18. Nxb5 dxe4 19. Qxd8+ Qxd8 20. Rxd8+ Rxd8
21. Nc3 Rd2 22. Rd1 Rxd1+ 23. Nxd1 Nf5 24. c4 Nd6 25. b3 f5 26. Nc3 g5 27. a4
h5 28. c5 Nf7 29. b4 Ne5 30. b5 Be8 31. Nxe4 fxe4 32. Bxe4 Bxb5 33. axb5 Nd7
34. c6 bxc6 35. bxc6 Nb6 36. c7 Kf8 37. Bb7 1-0

[Event "Mechanics' Winter TNM; G/2"]
[Site "San Francisco"]
[Date "2017.02.07"]
[Round "6.16"]
[White "Andries, W Craig"]
[Black "Walder, Michael S"]
[Result "0-1"]
[WhiteElo "1837"]
[BlackElo "2075"]
[Annotator "Donaldson"]
[PlyCount "60"]
[EventDate "2017.??.??"]

1. g3 c5 2. Bg2 Nc6 3. d3 d5 4. Nf3 Nf6 5. Nbd2 e6 6. O-O Be7 7. c3 $2 {
this just gives Black a target.} O-O 8. Re1 b5 9. e4 a5 10. Qe2 Ba6 11. e5 Nd7
12. Nf1 b4 13. h4 a4 14. a3 bxc3 15. bxc3 Rb8 16. Qc2 Qb6 17. N1h2 Qb3 18. Qd2
Bd8 19. Ng4 Ba5 20. Nf6+ Nxf6 21. exf6 Bxc3 22. Qg5 Bxf6 23. Qh5 Bxd3 24. Bf4
g6 25. Qh6 Bg7 26. Qg5 h6 27. Qg4 Bf5 28. Nd2 Bxg4 29. Nxb3 axb3 30. Bxb8 Rxb8
0-1

[Event "Mechanics' Spring TNM; G/2"]
[Site "San Francisco"]
[Date "2017.04.18"]
[Round "6.19"]
[White "Andries, W Craig"]
[Black "Yamamoto, Craig"]
[Result "1-0"]
[WhiteElo "1860"]
[BlackElo "1500"]
[PlyCount "53"]
[EventDate "2017.??.??"]

1. Nf3 Nf6 2. g3 g6 3. Bg2 Bg7 4. d3 d5 5. O-O O-O 6. Nbd2 Nbd7 7. e4 dxe4 8.
dxe4 b6 9. Qe2 e5 10. Re1 Bb7 11. Nh4 Re8 12. b3 Nh5 13. Bf3 Nhf6 14. Bb2 a5
15. a4 Nc5 16. Rad1 Qe7 17. Qe3 Nfd7 18. Ng2 Ne6 19. c3 Qc5 20. h4 Qe7 21. Nc4
f6 22. Ba3 Nec5 23. Bg4 Qf7 24. Bxd7 Nxd7 25. f3 Bf8 26. Bxf8 Qxf8 $4 (26...
Rxf8 $11) 27. Rxd7 1-0

[Event "Mechanics' Fall TNM; G/2 d5"]
[Site "San Francisco"]
[Date "2017.11.21"]
[Round "5.7"]
[White "Argo, Guy"]
[Black "Askin, David"]
[Result "0-1"]
[WhiteElo "1946"]
[BlackElo "1977"]
[PlyCount "44"]
[EventDate "2017.??.??"]

1. e4 c6 2. d4 d5 3. e5 Bf5 4. h4 h5 5. Bd3 Bxd3 6. Qxd3 e6 7. Bg5 Qb6 8. Nd2
Ne7 9. Ngf3 Nf5 10. O-O c5 11. c4 Qa6 12. dxc5 Bxc5 13. Nb3 Nd7 14. Rfc1 Rc8
15. Nxc5 Nxc5 16. Qd1 dxc4 17. b4 Na4 18. Rxc4 Qxc4 19. Rc1 Nc3 20. Rxc3 Qxc3
21. Qa4+ Qc6 22. b5 Qc4 0-1

[Event "Mechanics' Peter Grey TNM; G/2 d5"]
[Site "San Francisco"]
[Date "2017.08.08"]
[Round "1.16"]
[White "Argo, Guy"]
[Black "Bennett, Tavis Lee"]
[Result "1-0"]
[WhiteElo "1969"]
[BlackElo "1460"]
[Annotator "Donaldson"]
[PlyCount "63"]
[EventDate "2017.??.??"]

1. e4 e5 2. f4 d6 3. Nc3 exf4 4. Bc4 Qh4+ 5. Kf1 Bg4 6. Nf3 Qd8 7. d4 c6 8.
Bxf4 Qf6 9. Qd2 Bxf3 10. gxf3 g5 11. Bxg5 Qxf3+ 12. Kg1 h6 13. Be2 Qh3 14. Bf4
Rh7 15. Kf2 Be7 16. Bf3 Nd7 17. Rag1 O-O-O 18. Ke2 Qe6 19. Bg4 Qc4+ 20. Kd1
Ngf6 21. Bf5 Rhh8 22. Rg7 Nh5 23. b3 Qxc3 (23... Qa6 24. Rxf7) 24. Qxc3 Nxg7
25. Bxd7+ Kxd7 26. d5 f6 27. Rg1 Ne8 28. Qh3+ Kc7 29. Qe6 Rh7 30. Rg8 Ng7 31.
Qxe7+ Rd7 32. Bxd6+ 1-0

[Event "Mechanics' Fall TNM; G/2 d5"]
[Site "San Francisco"]
[Date "2017.11.07"]
[Round "3.19"]
[White "Argo, Guy"]
[Black "Chan, John"]
[Result "1-0"]
[WhiteElo "1946"]
[BlackElo "1647"]
[Annotator "Winslow,E"]
[PlyCount "99"]
[EventDate "2017.??.??"]

1. e4 e6 2. b3 Nc6 3. Bb2 d5 4. e5 Nh6 5. d4 a6 6. Nf3 Ne7 7. Nbd2 Ng6 8. g3
Bd7 9. Bg2 Rb8 10. c4 c6 11. O-O Be7 12. Ne1 Nf5 13. Nc2 O-O 14. Ne3 Nh6 15. f4
Bb4 16. Nf3 Be7 17. h4 Nf5 18. Nxf5 exf5 19. cxd5 cxd5 20. Ne1 Be6 21. Nc2 Rc8
22. Ne3 Qa5 23. Bh3 Rc6 24. Bxf5 Qd8 25. Qg4 Bb4 26. Rad1 Qd7 27. Bxe6 fxe6 28.
f5 Nh8 29. a3 Ba5 30. fxe6 Rxf1+ 31. Rxf1 Rxe6 32. Qf3 Qe8 33. Qxd5 Bd8 34.
Qxb7 h6 35. Nf5 Nf7 {[#]} 36. Nxg7 {
Scoresheet says "!!" -- computer eventually grudgingly agrees} Kxg7 37. d5 Re7
38. e6+ Kg8 39. exf7+ Rxf7 40. Qxf7+ Qxf7 41. Rxf7 Kxf7 42. Be5 h5 43. Kf2 Kg6
44. Kf3 Kf5 45. Bc3 Bc7 46. b4 Bd6 47. Bd4 Bc7 48. a4 Bd6 49. b5 axb5 50. axb5
1-0

[Event "Mechanics' Spring TNM; G/2"]
[Site "San Francisco"]
[Date "2017.04.18"]
[Round "6.20"]
[White "Argo, Guy"]
[Black "Crofts, Jacob"]
[Result "1-0"]
[WhiteElo "1974"]
[BlackElo "1380"]
[PlyCount "69"]
[EventDate "2017.??.??"]

1. e4 c5 2. Nc3 Nc6 3. f4 g6 4. Nf3 Bg7 5. Bb5 Nd4 6. Nxd4 cxd4 7. Ne2 a6 8.
Bc4 e6 9. d3 Ne7 10. O-O b5 11. Bb3 O-O 12. Ng3 d6 13. Bd2 Qb6 14. a4 Bd7 15.
a5 Qc5 16. Kh1 Kh8 17. Qe1 Rae8 18. e5 dxe5 19. Bb4 Qc7 20. fxe5 Qxe5 21. Ne4
Qh5 22. Nf6 Bxf6 23. Rxf6 Bc6 24. Qf2 Nf5 25. Bxf8 Rxf8 26. Bxe6 Qg5 27. Rxf7
Rxf7 28. Bxf7 Ne3 29. Rg1 Kg7 30. Be6 Kh6 31. h4 Qe5 32. Bh3 Qc5 33. c3 Nd5 34.
cxd4 Qd6 35. Rf1 1-0

[Event "Mechanics' Summer TNM; G/2 d5"]
[Site "San Francisco"]
[Date "2017.06.06"]
[Round "3.2"]
[White "Argo, Guy"]
[Black "Diaz, Conrado"]
[Result "0-1"]
[WhiteElo "1988"]
[BlackElo "2305"]
[PlyCount "55"]
[EventDate "2017.??.??"]

1. e4 d5 2. exd5 Qxd5 3. Nc3 Qa5 4. d4 Nf6 5. Bc4 c6 6. Bd2 Qb6 7. Nf3 Bf5 8.
O-O e6 9. Re1 Be7 10. Bb3 O-O 11. h3 Rd8 12. Qe2 Bd6 13. Bg5 Nbd7 14. Na4 Qc7
15. c4 h6 16. Bh4 g5 17. c5 Bf4 18. Ne5 gxh4 19. Nxf7 Kxf7 20. Bxe6+ Bxe6 21.
Qxe6+ Kg6 22. Nc3 Re8 23. Qc4 Bg5 24. Rf1 Re7 25. f4 Bxf4 26. Qd3+ Kg7 27. Rf3
Rae8 28. Raf1 0-1